| 000 | 00396nam a2200169Ia 4500 | ||
|---|---|---|---|
| 008 | 230524s9999 xx 000 0 und d | ||
| 020 | _a0140243518 | ||
| 082 |
_a510.13 _bAOL |
||
| 100 | _aBill Gates | ||
| 245 | 4 | _aThe Road Ahead | |
| 250 | _a2ND | ||
| 260 |
_aNEW DELHI _bPenguin _c1994 |
||
| 300 | _aIX;290 | ||
| 500 | _aQuantity Number: 3 | ||
| 650 |
_aMiscellaneous _91877 |
||
| 942 | _cBK | ||
| 999 |
_c25754 _d25754 |
||